MARC

LEADER 00000nam0a2200000 4500
001 125147
005 20231101215919.0
010 |a 0521017882 
035 |a (RuTPU)RU\TPU\book\135422 
090 |a 125147 
100 |a 20071112d1998 k y0engy50 ba 
101 0 |a eng 
102 |a US 
105 |a a z 001zy 
200 1 |a Highly Excited Atoms  |f J. P. Connerade 
210 |a New York  |c Cambridge University Press  |d 1998 
215 |a 501 p.  |c il. 
320 |a References: p. 468-496. 
320 |a Index: p. 497-501. 
606 1 |a Ядерная, атомная, молекулярная физика  |2 stltpush  |3 (RuTPU)RU\TPU\subj\68877  |9 83976 
610 1 |a атомная физика 
610 1 |a атомы 
610 1 |a взаимодействия 
610 1 |a возбуждение 
610 1 |a возбужденное состояние 
610 1 |a английский язык 
675 |a 539.184  |v 3 
700 1 |a Connerade  |b J. P.  |g Jean-Patrick 
801 1 |a RU  |b 63413507  |c 20071112  |g PSBO 
801 2 |a RU  |b 63413507  |c 20150305  |g PSBO 
942 |c BK